<?xml version="1.0" encoding="UTF-8"?><?xml-stylesheet type="text/xsl" href="static/style.xsl"?><OAI-PMH xmlns="http://www.openarchives.org/OAI/2.0/" xmlns:xsi="http://www.w3.org/2001/XMLSchema-instance" xsi:schemaLocation="http://www.openarchives.org/OAI/2.0/ http://www.openarchives.org/OAI/2.0/OAI-PMH.xsd"><responseDate>2026-04-18T16:13:23Z</responseDate><request verb="GetRecord" identifier="oai:riubu.ubu.es:10259/6133" metadataPrefix="marc">https://riubu.ubu.es/oai/request</request><GetRecord><record><header><identifier>oai:riubu.ubu.es:10259/6133</identifier><datestamp>2024-07-16T11:45:43Z</datestamp><setSpec>com_10259_9397</setSpec><setSpec>com_10259_5087</setSpec><setSpec>com_10259_2728</setSpec><setSpec>col_10259_9398</setSpec></header><metadata><record xmlns="http://www.loc.gov/MARC21/slim" xmlns:doc="http://www.lyncode.com/xoai" xmlns:xsi="http://www.w3.org/2001/XMLSchema-instance" xmlns:dcterms="http://purl.org/dc/terms/" xsi:schemaLocation="http://www.loc.gov/MARC21/slim http://www.loc.gov/standards/marcxml/schema/MARC21slim.xsd">
<leader>00925njm 22002777a 4500</leader>
<datafield tag="042" ind1=" " ind2=" ">
<subfield code="a">dc</subfield>
</datafield>
<datafield tag="720" ind1=" " ind2=" ">
<subfield code="a">Renedo Ortega, Miranda</subfield>
<subfield code="e">author</subfield>
</datafield>
<datafield tag="520" ind1=" " ind2=" ">
<subfield code="a">Las hojas de olivo son uno de los subproductos del cultivo del olivo y se consideran una materia prima barata que puede utilizarse como una buena fuente de compuestos bioactivos de alto valor añadido. Este subproducto contiene importantes cantidades de compuesto bioactivos lo cual hace muy atractivo su valorización. Por ello, en este trabajo se plantea en primer lugar la obtención de extractos acuosos (disolvente: 100% agua) e hidroalcohólicos (disolvente: 80% etanol y 20% agua) para su posterior fraccionamiento mediante membranas. Se observa que a mayor tamaño de poro de membrana menor retención de compuestos por la membrana y mayor concentración de compuestos en la fase permeado. Si el disolvente del extracto contiene etanol hace falta un acondicionamiento de la membrana anterior al fraccionamiento para que el flujo del proceso se estabilice y no se rompa la membrana. Finalmente se observa que una vez los flujos se estabilizan no hay prácticamente diferencias entre el flujo del extracto con solvente agua y el extracto con solvente hidroalcohólico. En segundo lugar, se caracterizan mediante HPLC los compuestos solubles en el disolvente de cada extracto llegando a caracterizar compuestos fenólicos como hidroxitirosol, rutina, verbascósido, luteolin-7-O-glucósido y oleuropeína e hidratos de carbono como manitol, glucosa, sacarosa, xilosa y arabinosa. Siendo el Luteolin-7-O-glucósido el compuesto fenólico mayoritario en extracto acuoso y la oleuropeína en extracto hidroalcohólico. Y el manitol como el carbohidrato mayoritario en ambos extractos.</subfield>
</datafield>
<datafield tag="520" ind1=" " ind2=" ">
<subfield code="a">Olive leaves are one of the by-products of olive growing and are considered a cheap raw material that can be used as a good source of high added value bioactive compounds. This by-product contains significant amounts of bioactive compounds which makes its appreciation very attractive. For this reason, in this work it is first proposed to obtain aqueous extracts (solvent: 100% water) and hydroalcoholic extracts (solvent: 80% ethanol and 20% water) for their subsequent fractionation by membranes. It is observed that the larger membrane pore size, the lower retention of compounds by the membrane and the higher the concentration of compounds in the permeate phase. If the extract solvent contains ethanol, conditioning the membrane is required prior to fractionation so that the process flow is stabilized, and the membrane is not ruptured. Finally, it is observed that once the flows stabilize, there are practically no differences between the flow of the extract with water solvent and the extract with hydroalcoholic solvent. In the other hand, the compounds soluble in the solvent of each extract are characterized by HPLC, characterizing phenolic compounds such as hydroxytyrosol, rutin, verbascoside, luteolin-7-O-glucoside and oleuropein and characterizing carbohydrates such as mannitol, glucose, sucrose, xylose and arabinose. Luteolin-O-7-gluoside being the main phenolic compound in aqueous extract and oleuropein in hydroalcoholic extract and mannitol as the majority carbohydrate in both extracts. And mannitol as the majority carbohydrate in both extracts.</subfield>
</datafield>
<datafield tag="024" ind2=" " ind1="8">
<subfield code="a">http://hdl.handle.net/10259/6133</subfield>
</datafield>
<datafield ind1=" " ind2=" " tag="653">
<subfield code="a">Hojas de olivo</subfield>
</datafield>
<datafield ind1=" " ind2=" " tag="653">
<subfield code="a">Oleuropeína</subfield>
</datafield>
<datafield ind1=" " ind2=" " tag="653">
<subfield code="a">Compuestos fenólicos</subfield>
</datafield>
<datafield ind1=" " ind2=" " tag="653">
<subfield code="a">Azúcares</subfield>
</datafield>
<datafield ind1=" " ind2=" " tag="653">
<subfield code="a">Ultrafiltración</subfield>
</datafield>
<datafield ind1=" " ind2=" " tag="653">
<subfield code="a">Nanofiltración</subfield>
</datafield>
<datafield ind1=" " ind2=" " tag="653">
<subfield code="a">Capacidad antioxidante</subfield>
</datafield>
<datafield ind1=" " ind2=" " tag="653">
<subfield code="a">HPLC</subfield>
</datafield>
<datafield ind1=" " ind2=" " tag="653">
<subfield code="a">Olive leaves</subfield>
</datafield>
<datafield ind1=" " ind2=" " tag="653">
<subfield code="a">Oleuropein</subfield>
</datafield>
<datafield ind1=" " ind2=" " tag="653">
<subfield code="a">Polyphenols</subfield>
</datafield>
<datafield ind1=" " ind2=" " tag="653">
<subfield code="a">Phenolic compounds</subfield>
</datafield>
<datafield ind1=" " ind2=" " tag="653">
<subfield code="a">Ultrafiltration</subfield>
</datafield>
<datafield ind1=" " ind2=" " tag="653">
<subfield code="a">Nanofiltration</subfield>
</datafield>
<datafield ind1=" " ind2=" " tag="653">
<subfield code="a">Antioxidant capacity</subfield>
</datafield>
<datafield tag="245" ind1="0" ind2="0">
<subfield code="a">Estudio de la separación mediante procesos de membrana de compuestos bioactivos presentes en los extractos de hojas de olivo</subfield>
</datafield>
</record></metadata></record></GetRecord></OAI-PMH>